| 000 | 00435nam a2200133Ia 4500 | ||
|---|---|---|---|
| 008 | 200915s9999 xx 000 0 und d | ||
| 020 | _a978-1-119-53303-0 | ||
| 100 | _aDanial, Kaina | ||
| 245 |
_cKaina Danial.-- _aCryptocurrency investing for dummies / |
||
| 260 |
_aNew Jersey : _bJohn Wiley & Sons, Inc. _c2019 |
||
| 300 |
_axv , 326 pages : _billustrations ; _c23 cm. |
||
| 650 | _aCryptocurrencies. | ||
| 650 | _aElectronic commerce. | ||
| 999 |
_c364218 _d364218 |
||